Pampaaralang balarila / (Record no. 86372)
[ view plain ]
| 000 -LEADER | |
|---|---|
| fixed length control field | 00829cam a22002771 4500 |
| 001 - CONTROL NUMBER | |
| control field | sa 68015284 |
| 003 - CONTROL NUMBER IDENTIFIER | |
| control field | DLC |
| 005 - DATE AND TIME OF LATEST TRANSACTION | |
| control field | 20260227112642.0 |
| 008 - FIXED-LENGTH DATA ELEMENTS--GENERAL INFORMATION | |
| fixed length control field | 821108m19501964ph 000 0 tgl |
| 010 ## - LIBRARY OF CONGRESS CONTROL NUMBER | |
| LC control number | sa 68015284 |
| 035 ## - SYSTEM CONTROL NUMBER | |
| System control number | (OCoLC)8936239 |
| 040 ## - CATALOGING SOURCE | |
| Original cataloging agency | DLC |
| Transcribing agency | CU-S |
| Modifying agency | WU |
| -- | DLC |
| 041 0# - LANGUAGE CODE | |
| Language code of text/sound track or separate title | tageng |
| 042 ## - AUTHENTICATION CODE | |
| Authentication code | premarc |
| 050 00 - LIBRARY OF CONGRESS CALL NUMBER | |
| Classification number | PL6053 |
| Item number | .E3 |
| 100 1# - MAIN ENTRY--PERSONAL NAME | |
| Personal name | Matute, Genoveva Edroza. |
| 245 10 - TITLE STATEMENT | |
| Title | Pampaaralang balarila / |
| Statement of responsibility, etc. | nina Genoveva D. Edroza at Florencia del Rosario. |
| 246 04 - VARYING FORM OF TITLE | |
| Title proper/short title | Balarila |
| 260 ## - PUBLICATION, DISTRIBUTION, ETC. | |
| Place of publication, distribution, etc. | Manila : |
| Name of publisher, distributor, etc. | Philippine Book Co., |
| Date of publication, distribution, etc. | [c1950-64] |
| 300 ## - PHYSICAL DESCRIPTION | |
| Extent | 4 v. ; |
| Dimensions | 23 cm. |
| 500 ## - GENERAL NOTE | |
| General note | Cover title: Balarila. |
| 546 ## - LANGUAGE NOTE | |
| Language note | Tagalog and English. |
| 650 #0 - SUBJECT ADDED ENTRY--TOPICAL TERM | |
| Topical term or geographic name entry element | Tagalog language |
| General subdivision | Grammar. |
| 650 #0 - SUBJECT ADDED ENTRY--TOPICAL TERM | |
| Topical term or geographic name entry element | Tagalog language |
| General subdivision | Textbooks for foreign speakers |
| -- | English. |
| 700 1# - ADDED ENTRY--PERSONAL NAME | |
| Personal name | Rosario, Florencia del. |
No items available.